000 00330nam a2200133Ia 4500
005 20251222155108.0
008 251222s9999||||xx |||||||||||||| ||spa||
082 _aENC. 18.1
100 _aROSTWOROWSKI María.
245 0 _aEnciclopedia temática del Perú - Incas
250 _a1ra. ed.
264 _bEl Comercio
942 _cLIB
999 _c37930
_d37930